Centrum chorvátskej kultúry, Jarovce

Enregistré dans:
Détails bibliographiques
Auteur principal: Marková, Monika (Auteur)
Autres auteurs: Šimkovič, Vladimír (Directeur de thèse)
Format: Manuscrit Livre
Langue:slovaque
Publié: 2025
Sujets:
Accès en ligne:http://is.stuba.sk/zp/portal_zp.pl?podrobnosti=168417
Tags: Ajouter un tag
Pas de tags, Soyez le premier à ajouter un tag!

MARC

LEADER 00000ntm a22000003a 4500
001 stuzp104630
003 SK-STU
005 20250614213207.2
007 ta
008 150427s2015----xo-----f-mn---000-0-slo-d
040 |a STU  |b slo 
041 0 |a slo 
100 1 |a Marková, Monika  |u 058180  |4 aut  |U FAD Fakulta architektúry a dizajnu  |T FAD Ústav architektúry občianskych budov  |X 115737  |U A8180  |Y 399  |7 115737 
242 0 1 |a Croatian Cultural Center, Jarovce  |y eng 
245 1 0 |a Centrum chorvátskej kultúry, Jarovce 
260 |c 2025 
650 4 |a urban design  |2 eng 
650 4 |a architecture  |2 eng 
650 4 |a Jarovce  |2 eng 
650 4 |a multifunctionality  |2 eng 
650 4 |a house  |2 eng 
650 4 |a cultural center  |2 eng 
650 4 |a Center of Croatian Culture  |2 eng 
650 4 |a urbanizmus  |2 slo 
650 4 |a architektúra  |2 slo 
650 4 |a Jarovce  |2 slo 
650 4 |a multifunkčnosť  |2 slo 
650 4 |a dom  |2 slo 
650 4 |a kultúrne centrum  |2 slo 
650 4 |a centrum chorvátskej kultúry  |2 slo 
700 1 |a Šimkovič, Vladimír  |4 ths  |X 394  |7 A000000394 
856 4 |u http://is.stuba.sk/zp/portal_zp.pl?podrobnosti=168417